Sistemas de gestión medioambiental (Registro nro. 4879)

Detalles MARC
000 -LEADER
fixed length control field 01283 a2200253 4500
001 - CONTROL NUMBER
control field 49784
005 - DATE AND TIME OF LATEST TRANSACTION
control field 20260407155758.0
008 - FIXED-LENGTH DATA ELEMENTS--GENERAL INFORMATION
fixed length control field 260407a1996 arg spa d
003 - CONTROL NUMBER IDENTIFIER
control field AR-UNSa-BCEJYS
040 ## - CATALOGING SOURCE
Original cataloging agency AR-UNSa-BCEJYS
Language of cataloging spa
Transcribing agency AR-UNSa-BCEJYS
080 ## - UNIVERSAL DECIMAL CLASSIFICATION NUMBER
Universal Decimal Classification number 504.06
Common auxiliary subdivision Protección del medio ambiente. Gestión de la calidad del medio ambiente
020 ## - INTERNATIONAL STANDARD BOOK NUMBER
International Standard Book Number 84-481-0684-9
041 ## - LANGUAGE CODE
Language code of text/sound track or separate title spa
100 1# - MAIN ENTRY--PERSONAL NAME
Personal name Hunt, David
245 10 - TITLE STATEMENT
Title Sistemas de gestión medioambiental
Name of part/section of a work principios y práctica
264 #1 - PRODUCTION, PUBLICATION, DISTRIBUTION, MANUFACTURE, AND COPYRIGHT NOTICE
Place of production, publication, distribution, manufacture Madrid :
Name of producer, publisher, distributor, manufacturer McGraw-Hill
Date of production, publication, distribution, manufacture, or copyright notice 1996
300 ## - PHYSICAL DESCRIPTION
Extent xii, 318 p.
Dimensions 23 cm.
505 ## - FORMATTED CONTENTS NOTE
Formatted contents note 1. Introducción - 2. Historia de la preocupación por el medioambiente - 3. Visión general de la normativa medioambiental - 4. Desarrollo de las auditorías medioambientales y otras prácticas de gestión medioambiental - 5. Concepto de Sistema de Gestión de la Calidad - 6. La aproximación sistémica a la gestión medioambiental - 7. Desarrollo y aplicación de un Sistema de Gestión Medioambiental - 8. Desarrollos actuales y futuros.
590 ## - LOCAL NOTE (RLIN)
Local note niveau_biblio:m niveau_hierar:0
700 1# - ADDED ENTRY--PERSONAL NAME
Personal name Johnson, Catherine
700 1# - ADDED ENTRY--PERSONAL NAME
Personal name Quintana de la Pedraja, María
856 41 - ELECTRONIC LOCATION AND ACCESS
Uniform Resource Identifier <a href="https://www.biblioeco.unsa.edu.ar/pmb/images/libros/L128176.jpg">https://www.biblioeco.unsa.edu.ar/pmb/images/libros/L128176.jpg</a>
Link text Imagen de portada
Electronic format type image/jpeg
942 ## - ADDED ENTRY ELEMENTS (KOHA)
Koha item type
Existencias
Withdrawn status Lost status Damaged status Not for loan Home library Current library Shelving location Date acquired Total checkouts Full call number Barcode Date last seen Price effective from Koha item type
        Biblioteca Prof. Eusebio Cleto del Rey Biblioteca Prof. Eusebio Cleto del Rey   07/04/2026   504.06 H939 L128176 07/04/2026 07/04/2026 Libro